LEADER 04703nam 22006135 450 001 996328034603316 005 20200229105050.0 010 $a1-64469-060-8 024 7 $a10.1515/9781644690604 035 $a(CKB)4100000010138481 035 $a(DE-B1597)540813 035 $a(OCoLC)1077483546 035 $a(DE-B1597)9781644690604 035 $a(EXLCZ)994100000010138481 100 $a20200229h20192019 fg 101 0 $aeng 135 $aur||||||||||| 181 $ctxt$2rdacontent 182 $cc$2rdamedia 183 $acr$2rdacarrier 200 04$aThe Believer and the Modern Study of the Bible /$fChayuta Deutsch, Yehudah Brandes, Tova Ganzel 210 1$aBoston, MA : $cAcademic Studies Press, $d[2019] 210 4$d©2019 215 $a1 online resource (582 p.) 327 $tFrontmatter -- $tTable of Contents -- $tIntroduction -- $tPreface to the English Translation -- $tAcknowledgments -- $tAnnotated Anthology-"Wisdom and Knowledge Will be Given to You" / $rFargeon, Yoshi -- $tWisdom and Knowledge Will be Given to You -- $tOrigins of the Torah -- $tArticles -- $tGeneral Overview -- $tA Personal Perspective on Biblical History, the Authorship of the Torah, and Belief in its Divine Origin / $rAster, Shawn Zelig -- $tThe Sages as Bible Critics / $rBrandes, Yehuda -- $tThe Tanakh as History / $rBrettler, Marc Zvi -- $tKabbalah as a Shield against the "Scourge" of Biblical Criticism: A Comparative Analysis of the Torah Commentaries of Elia Benamozegh and Mordecai Breuer / $rCohen, Adiel -- $tOrthodoxy and the Challenge of Biblical Criticism: Some Reflections on the Importance of Asking the Right Question / $rRoss, Tamar -- $tAsk the Rabbi: "Biblical Criticism is Destroying my Religious Faith!" / $rCherlow, Yuval -- $tThe Theophany at Sinai and the Passages of Revelation -- $t"I Shall Fear God Alone and Not Show Favor in Torah": A Conceptual Foundation for Wrestling with Biblical Scholarship / $rBigman, David -- $tRevelation and Religious Authority in the Sinai Traditions / $rSommer, Benjamin -- $tThe Torah Speaks to People / $rCohen, Chezi -- $tThe Revelation Narratives: Analyses and Theological Reflections on Exodus, Deuteronomy, and Classical Midrash / $rShammah, Avraham -- $tThe Ethical Challenge -- $tThe Binding of Isaac and Historical Contextuality / $rDeutsch, Chayuta -- $tManasseh, King of Judah, in Early rabbinic Literature: An Erudite, Unfettered, and Creative Biblical Critic / $rMack, Hananel -- $tJustification, Denial, and "Terraforming": Three Theological-Exegetical Models / $rKula, Amit -- $tThe Bible in Historical Context -- $tThe Names of God and the Dating of the Biblical Corpus / $rElitzur, Yoel -- $tDiscrepancies between Laws in the Torah / $rBerman, Joshua -- $tBetween the Prophet and his Prophecy: Ezekiel's Visionary Temple in its Historical Context / $rGanzel, Tova -- $tIlluminating Inscriptions / $rMedan, Yaakov -- $tArchaeology and the Bible / $rMisgav, Haggai -- $tThe Book of Daniel and the Twenty-First-Century Religious Bible Student / $rRaviv, Rivka -- $tIndex of Sources -- $tIndex of Names 330 $aThe essays in this volume address the conundrum of how Jewish believers in the divine character of the Sinaitic revelation confront the essential questions raised by academic biblical studies. The first part is an anthology of rabbinic sources, from the medieval period to the present, treating questions that reflect a critical awareness of the Bible. The second part is a series of twenty-one essays by contemporary rabbis and scholars on how they combine their religious beliefs with their critical approach to the Bible. 606 $aBible 606 $aJewish studies 606 $aOld Testament 606 $aSinaitic revelation 606 $arabbis 606 $aSOCIAL SCIENCE / Jewish Studies$2bisacsh 610 $aBible. 610 $aJewish studies. 610 $aOld Testament. 610 $aSinaitic revelation. 610 $arabbis. 615 4$aBible. 615 4$aJewish studies. 615 4$aOld Testament. 615 4$aSinaitic revelation. 615 4$arabbis. 615 7$aSOCIAL SCIENCE / Jewish Studies. 676 $a221.601 702 $aBrandes$b Yehudah, $4edt$4http://id.loc.gov/vocabulary/relators/edt 702 $aDeutsch$b Chayuta, $4edt$4http://id.loc.gov/vocabulary/relators/edt 702 $aGanzel$b Tova, $4edt$4http://id.loc.gov/vocabulary/relators/edt 712 02$aTargum Shlishi$4fnd$4http://id.loc.gov/vocabulary/relators/fnd 801 0$bDE-B1597 801 1$bDE-B1597 906 $aBOOK 912 $a996328034603316 996 $aThe Believer and the modern study of the Bible$91899599 997 $aUNISA LEADER 01131nam0-2200277 --450 001 9910755700803321 005 20231127102156.0 010 $a88-7988-052-7 100 $a20231121d2006----kmuy0itay5050 ba 101 0 $amul 102 $aIT 105 $a 001yy 200 1 $aComportamenti e immaginario della sessualità nell'alto Medioevo$esettimane di studio della Fondazione Centro italiano di studi sull'alto Medioevo, 53.$e31 marzo-5 aprile 2005$fCentro italiano di studi sull'alto Medioevo 210 $aSpoleto$cCentro italiano di studi sull'alto Medioevo$d2006 215 $aXIV, 1042 p., [26] carte di tav.$cill.$d22 cm 225 1 $aSettimane di studio del Centro italiano di studi sull'alto Medioevo$v53 610 0 $aSesso$aEuropa$aSec. 5.-11. 676 $a306.709$v21 710 02$aFondazione Centro italiano di studi sull'Alto Medioevo$0326531 801 0$aIT$bUNINA$gREICAT$2UNIMARC 901 $aBK 912 $a9910755700803321 952 $a940.1 CISAM 01 (53)$b2023/5182$fFLFBC 959 $aFLFBC 996 $aComportamenti e immaginario della sessualità nell'alto Medioevo$91029071 997 $aUNINA